• 首页
  • 本馆介绍
  • 公告通知
  • 最新文献
  • 馆藏检索
  • 电子资源
  • 读者导购
  • 参考咨询
  • 我的图书馆
  • 登录
  • 详细信息显示
  • 放入我的书架
  • 预约/预借图书
  • 作者相关作品
  • 分类相关作品
  • 丛书相关作品
  • 出版社相关作品

书目信息

  • 表格格式
  • 工作单格式
  • 卡片格式
题名:
体育史话
    
 
作者: 王凯 编撰
分册:  
出版信息: 北京   中国大百科全书出版社  2009
页数: 99页
开本: 23cm
丛书名: 《中华文明史话》彩图普及丛书
单 册:
中图分类: G812.9
科图分类:
主题词: 体育运动史--ti yu yun dong shi--中国
电子资源:
ISBN: 978-7-5000-8108-1
000 01022nam 2200277 45
001 012001004042
005 20131016095502.0
010    @a978-7-5000-8108-1@dCNY26.00
099    @aCAL 012010228069
100    @a20101102d2009 ekmy0chiy50 ea
101 0  @achi
102    @aCN@b110000
105    @aa z 000yy
106    @ar
200 1  @a体育史话@Ati yu shi hua@f《中华文明史话》编委会编著
210    @a北京@c中国大百科全书出版社@d2009
215    @a99页@c图 (部分彩图)@d23cm
225 2  @a《中华文明史话》彩图普及丛书@A《zhong hua wen ming shi hua》cai tu pu ji cong shu
314    @a书中题: 本书编撰王凯
330    @a本书是以史话的形式,深入浅出介绍中国体育文化方方面面的通俗读物。全书介绍了中华民族多姿多彩的传统体育活动,如球类、武艺、田径、棋类、水戏等的产生、发展、演变过程。
410  0 @12001@a《中华文明史话》彩图普及丛书
606 0  @a体育运动史@Ati yu yun dong shi@y中国
690    @aG812.9@v4
701  0 @a王凯@AWang Kai@4编撰
801    @b江苏凤凰@c20191020
905    @b1234614-9@dG812.9@e126@f6
    
    体育史话/《中华文明史话》编委会编著.-北京:中国大百科全书出版社,2009
    99页:图 (部分彩图);23cm.-(《中华文明史话》彩图普及丛书)
    
    
    ISBN 978-7-5000-8108-1:CNY26.00
    本书是以史话的形式,深入浅出介绍中国体育文化方方面面的通俗读物。全书介绍了中华民族多姿多彩的传统体育活动,如球类、武艺、田径、棋类、水戏等的产生、发展、演变过程。
●
相关链接 在E读中查询图书 在五车中查询图书 在当当中查询图书 在豆瓣中查询图书


正题名:体育史话     索取号:G812.9/126         预约/预借

序号 登录号 条形码 馆藏地/架位号 状态 备注
1 1234614   212346148   第一样本阅览室/ [索取号:G812.9/126] 在馆    
2 1234615   212346157   第四借阅区/ [索取号:G812.9/126] 在馆    
3 1234616   212346166   第四借阅区/ [索取号:G812.9/126] 在馆    
4 1234617   212346175   教育系资料室/ [索取号:G812.9/126] 在馆    
5 1234618   212346184   教育系资料室/ [索取号:G812.9/126] 在馆    
6 1234619   212346193   教育系资料室/ [索取号:G812.9/126] 在馆    
唐山师范学院图书馆 欢迎您!
大连网信软件有限公司© 版权所有